000 00628nam a2200253Ia 4500
005 20260121160924.0
008 008 260114s9999 xx 000 0 eng d
020 _a9781315730400
037 _aEBOOK
040 _aCRL
040 _beng
040 _cCRL
041 _2eng
041 _aeng
084 _qCRL
100 _a John S. Garrison; Kyle Pivetti
_91037993
245 0 _aSexuality and Memory in Early Modern England
260 _bTaylor and Francis
260 _c2016
856 _uhttp://www.taylorfrancis.com/books/9781315730400
942 _cEBOOK
999 _c1604809
_d1604809